Country Flags With The Canadian Maple Leaf - Statistics

General Stats
  • This quiz has been taken 40 times
  • The average score is 15 of 16
Answer Stats
Picture Answer % Correct
Jamaica
100%
Bhutan
97%
Chile
97%
Colombia
97%
Italy
97%
Ivory Coast
97%
Tanzania
97%
Armenia
93%
Estonia
93%
Zambia
93%
Bulgaria
90%
Cape Verde
90%
Mongolia
90%
Sierra Leone
83%
Nauru
80%
Solomon Islands
80%
No matching quizzes found
Score Distribution
Percent of People with Each Score
Percentile by Number Answered
Your Score History
You have not taken this quiz